Statistics for Bilibili所有一级分区 All first-level partitions of Bilibili

Click here to take the quiz!

General Stats

  • This quiz has been taken 86 times
  • The average score is 13 of 21

Answer Stats

分区% Correct
鬼畜
91%
生活
88%
游戏
88%
音乐
87%
舞蹈
81%
知识
79%
美食
75%
动画
71%
影视
62%
电影
62%
番剧
61%
科技
60%
纪录片
53%
娱乐
51%
汽车
49%
电视剧
47%
运动
42%
国创
42%
时尚
39%
资讯
31%
综艺
26%

Score Distribution

Percentile by Number Answered

Percent of People with Each Score

Your Score History

You have not taken this quiz